MARC details
| 000 - LÍDER |
| campo de control de longitud fija |
01321nam a2200277Ia 4500 |
| 008 - ELEMENTOS DE DATOS DE LONGITUD FIJA - INFORMACIÓN GENERAL |
| campo de control de longitud fija |
0000002012 sp a 0000000000spa00 |
| 020 ## - INTERNATIONAL STANDARD BOOK NUMBER |
| International Standard Book Number |
9788493898113 |
| 090 ## - NÚMERO DE LLAMADA DE TIPO LC LOCALMENTE ASIGNADO (OCLC) |
| Número de clasificación (OCLC) (R) |
PSP00 D15j |
| 100 1# - ENTRADA PRINCIPAL - NOMBRE PERSONAL |
| Nombre de la persona |
Daniel, Marko |
| 245 10 - TÍTULO DECLARACIÓN |
| Título |
Joan Miró, la escalera de la evasión |
| Declaración de responsabilidad |
/ editores generales y compiladores Marko Daniel y Matthew Gale |
| 260 ## - PUBLICACIÓN, DISTRIBUCIÓN |
| Lugar de publicación |
Barcelona : Fundación Joan Miró |
| Fecha de publicación |
2012 |
| 300 ## - DESCRIPCIÓN FÍSICA |
| Alcance |
239 p. |
| Dimensiones |
/ 29 cm. |
| 500 ## - NOTA GENERAL |
| Nota general |
Exposiciónitinerante realizada en: Tate Modern Gallery de Londres ente el 14 de abril al 11 de septiembre de 2011; Fundación Joan Miró de Barcelona entre el 25 de octubre de 2011 al 18 de marzo de 2012; National Gallery of Art de Washington del 6 de mayo al 12 de agosto de 2012 |
| 505 ## - NOTA DE CONTENIDO FORMATEADA |
| Nota sobre el contenido formateado |
CON ARTICULOS DE: Christopher Green, Kerryn Greenberg, William Jeffett, María Luisa LAX, Robert S. Lubar, Joan M. Minguet Batllori y Teresa Montaner |
| 600 00 - ENTRADA DE SUJETO AÑADIDO - NOMBRE PERSONAL |
| Nombre de la persona |
MIRO, JOAN, 18931983/ |
| Subdivisión general |
TRABAJOS PICTORICOS |
| 650 14 - ENTRADA DE SUJETO AÑADIDO - TÉRMINO TÓPICO |
| Término tópico o elemento de entrada del nombre geográfico |
ARTE CONTEMPORANEO ESPAÑOL |
| 650 14 - ENTRADA DE SUJETO AÑADIDO - TÉRMINO TÓPICO |
| Término tópico o elemento de entrada del nombre geográfico |
ARTISTAS PLASTICOS ESPAÑOLES |
| 650 14 - ENTRADA DE SUJETO AÑADIDO - TÉRMINO TÓPICO |
| Subdivisión general |
CATALOGOS |
| 650 14 - ENTRADA DE SUJETO AÑADIDO - TÉRMINO TÓPICO |
| Término tópico o elemento de entrada del nombre geográfico |
ENSAYOS, CONFERENCIAS, ETC |
| 650 14 - ENTRADA DE SUJETO AÑADIDO - TÉRMINO TÓPICO |
| Subdivisión general |
EXPOSICIONES |
| 650 14 - ENTRADA DE SUJETO AÑADIDO - TÉRMINO TÓPICO |
| Término tópico o elemento de entrada del nombre geográfico |
PINTURA ESPAÑOLA |
| 650 14 - ENTRADA DE SUJETO AÑADIDO - TÉRMINO TÓPICO |
| Término tópico o elemento de entrada del nombre geográfico |
PINTURA ESPAÑOLA |
| 650 14 - ENTRADA DE SUJETO AÑADIDO - TÉRMINO TÓPICO |
| Término tópico o elemento de entrada del nombre geográfico |
SIGLO XX |
| 650 14 - ENTRADA DE SUJETO AÑADIDO - TÉRMINO TÓPICO |
| Término tópico o elemento de entrada del nombre geográfico |
SURREALISMO (ARTE) |
| 700 1# - ENTRADA AGREGADA - NOMBRE PERSONAL |
| Nombre de la persona |
Gale, Matthew \ Greenberg, Kerryn \ |